| 000 | 01626nam2a2200313 4500 | ||
|---|---|---|---|
| 001 | RU\NLR\BIBL_A\011797451 | ||
| 005 | 20200120143606.0 | ||
| 010 |
_a978-5-00045-590-6 _9100 |
||
| 021 |
_aRU _bКН-П-18-061621 _9КН-П-18-4432 |
||
| 035 | _a(NLR Aleph) 011797451 | ||
| 035 | _a(RuMoRGB)009720992 | ||
| 090 |
_a11854209 _c11854209 |
||
| 100 | _a20180924d2018 u y0rusy50 ca | ||
| 101 | 0 | _arus | |
| 102 | _aRU | ||
| 105 | _aach z 000zy | ||
| 200 | 1 | _a[2010-2014 гг.] | |
| 210 | _d2018 | ||
| 215 |
_a211, [1] с. _cил., цв. ил., портр., факс. _d29 |
||
| 300 | _aОписано по обл. На тит. л. загл.: Экспериментальный театр рассказа 2000-х гг. | ||
| 461 | 0 |
_1001RU\NLR\BIBL_A\010918746 _12001#$aЭкспериментальный театр рассказа$eальбом$fЛ. Н. Иванская$gПетровская акад. наук и искусств$v2 _1700#1$aИванская$bЛ. Н.$gЛариса Николаевна$3RU\NLR\AUTH\7767969 _910666330 _aИванская, Л. Н. _cСанкт-Петербург _d2015 _fЛ. Н. Иванская _nАстерион _oальбом _tЭкспериментальный театр рассказа _v2 |
|
| 517 | 1 | _aЭкспериментальный театр рассказа 2000-х гг. | |
| 942 | _cBOOK | ||
| 980 | _aNBR | ||
| 980 | _aNB | ||